[Event "Langley op"]
[Site "Langley CAN"]
[Date "2019.08.31"]
[Round "2.10"]
[White "Angelvette, Duane"]
[Black "Talosig, Jaylord"]
[Result "1/2-1/2"]
[WhiteElo "1574"]
[BlackElo "1900"]
[PlyCount "55"]
[EventDate "2019.08.31"]
[EventType "swiss"]
[EventRounds "6"]
[EventCountry "CAN"]

1. d4 Nf6 2. c4 d6 3. Nc3 c6 4. e4 Qc7 5. f4 e5 6. d5 Nbd7 7. Nf3 Be7 8. Bd3 a6
9. O-O Qb6+ 10. Kh1 Ng4 11. Qe1 Bf6 12. a4 exf4 13. a5 Qc7 14. Bxf4 Nge5 15.
Qe2 O-O 16. Ra3 c5 17. Nd1 Ng6 18. Bg3 Nde5 19. Nxe5 Bxe5 20. Bxe5 Nxe5 21. Ne3
g6 22. h4 Qd8 23. Rf4 h5 24. Bc2 Bg4 25. Nxg4 Qxh4+ 26. Rh3 Qg5 27. Nf6+ Kg7
28. Qf2 1/2-1/2

[Event "Langley op"]
[Site "Langley CAN"]
[Date "2019.09.01"]
[Round "3.1"]
[White "Nyamdorj, Davaa-Ochir"]
[Black "Leong, Ryan"]
[Result "1-0"]
[WhiteElo "2305"]
[BlackElo "1899"]
[PlyCount "67"]
[EventDate "2019.08.31"]
[EventType "swiss"]
[EventRounds "6"]
[EventCountry "CAN"]

1. e4 c5 2. Nf3 d6 3. Bb5+ Bd7 4. Bxd7+ Qxd7 5. d4 cxd4 6. Qxd4 Nc6 7. Qd3 Nf6
8. O-O g6 9. c4 Bg7 10. Nc3 O-O 11. h3 Ne8 12. b3 Nc7 13. Bb2 Ne6 14. Qd2 f5
15. Rfe1 fxe4 16. Rxe4 Rxf3 17. gxf3 Rf8 18. Qd5 Ncd4 19. Rxd4 Bxd4 20. Re1 Rf6
21. Rxe6 Qxe6 22. Qxd4 Qe1+ 23. Kg2 e5 24. Qd5+ Kf8 25. Ne4 Rf5 26. Qxd6+ Ke8
27. Qb8+ Kd7 28. Qxb7+ Ke6 29. Qc6+ Ke7 30. Ba3+ Kd8 31. Qd6+ Kc8 32. Qe6+ Kb7
33. Nc5+ Kb8 34. Qe8+ 1-0

[Event "Langley op"]
[Site "Langley CAN"]
[Date "2019.09.01"]
[Round "3.2"]
[White "Chung, Alec"]
[Black "Mohammed Qanee, Arpak Worya"]
[Result "0-1"]
[WhiteElo "1848"]
[BlackElo "2198"]
[PlyCount "54"]
[EventDate "2019.08.31"]
[EventType "swiss"]
[EventRounds "6"]
[EventCountry "CAN"]

1. c4 e5 2. Nc3 Nf6 3. g3 d5 4. cxd5 Nxd5 5. Bg2 Be6 6. Nf3 Nc6 7. O-O Be7 8.
a3 O-O 9. d3 a5 10. Bd2 f6 11. Qc2 Qd7 12. Rfe1 Nxc3 13. bxc3 a4 14. c4 Na5 15.
Bxa5 Rxa5 16. Reb1 b6 17. Nd2 f5 18. e3 Rd8 19. Bf1 f4 20. e4 fxg3 21. hxg3 Bc5
22. Nf3 Qd6 23. Rb5 Rxb5 24. cxb5 Rf8 25. Kg2 Bh3+ 26. Kxh3 Rxf3 27. Kg2 Rxf2+
0-1

[Event "Langley op"]
[Site "Langley CAN"]
[Date "2019.09.01"]
[Round "3.3"]
[White "Du, Daniel"]
[Black "Doknjas, Neil"]
[Result "0-1"]
[WhiteElo "1840"]
[BlackElo "2158"]
[PlyCount "70"]
[EventDate "2019.08.31"]
[EventType "swiss"]
[EventRounds "6"]
[EventCountry "CAN"]

1. c4 e6 2. g3 d5 3. Nf3 Nf6 4. Bg2 Be7 5. O-O O-O 6. b3 c5 7. e3 Nc6 8. Bb2 b6
9. Nc3 Ba6 10. d3 Rc8 11. Qe2 Re8 12. Rad1 Nb4 13. Ne5 Qc7 14. f4 Rcd8 15. Nb5
Bxb5 16. cxb5 d4 17. exd4 cxd4 18. Rc1 Qd6 19. a3 Nbd5 20. Rc6 Qb8 21. Nxf7
Kxf7 22. Qxe6+ Kf8 23. Bxd4 Bc5 24. Bxc5+ bxc5 25. Qf5 Kg8 26. Rc1 Qxb5 27.
R6xc5 Qxb3 28. Be4 Nxe4 29. dxe4 Qe3+ 30. Kh1 Qf3+ 31. Kg1 Ne3 32. Qh3 Rd1+ 33.
Rxd1 Qxd1+ 34. Kf2 Ng4+ 35. Kg2 Qe2+ 0-1

[Event "Langley op"]
[Site "Langley CAN"]
[Date "2019.09.01"]
[Round "3.4"]
[White "Patterson, Roger"]
[Black "Gu, Chuyang"]
[Result "1-0"]
[WhiteElo "2059"]
[BlackElo "1826"]
[PlyCount "109"]
[EventDate "2019.08.31"]
[EventType "swiss"]
[EventRounds "6"]
[EventCountry "CAN"]

1. c4 e5 2. Nc3 Nf6 3. g3 d5 4. cxd5 Nxd5 5. Bg2 Nb6 6. Nf3 Nc6 7. O-O Be7 8.
d3 O-O 9. a3 Be6 10. Bd2 f6 11. Rc1 Na5 12. Nb5 Nb3 13. Nxc7 Qd7 14. Nxe6 Qxe6
15. Rc3 Nxd2 16. Nxd2 Qd7 17. Qb3+ Kh8 18. Rfc1 Rac8 19. Ne4 Rxc3 20. Rxc3 Rc8
21. Qf7 Rf8 22. Qb3 Rc8 23. h4 Rxc3 24. Nxc3 Bc5 25. Qb5 Qxb5 26. Nxb5 a5 27.
Bxb7 Na4 28. b3 Nb2 29. Kf1 Nd1 30. e3 Nxe3+ 31. fxe3 Bxe3 32. Ke2 Bc5 33. h5
Kg8 34. Bd5+ Kf8 35. Be4 h6 36. Kd2 Ke7 37. Kc3 Ke6 38. g4 Be7 39. Kc4 Kf7 40.
Bf5 Bf8 41. Kd5 Be7 42. Nd6+ Kf8 43. Bg6 Bd8 44. Nf5 Bb6 45. b4 axb4 46. axb4
Ba7 47. Kc6 Bf2 48. b5 Bg1 49. b6 Bxb6 50. Kxb6 Kg8 51. Kc6 Kf8 52. Kd7 Kg8 53.
Ke7 Kh8 54. Kf8 e4 55. Nd6 1-0

[Event "Langley op"]
[Site "Langley CAN"]
[Date "2019.09.01"]
[Round "3.5"]
[White "Roback, Joe"]
[Black "Basko, Yauheni"]
[Result "0-1"]
[WhiteElo "2056"]
[BlackElo "1795"]
[PlyCount "114"]
[EventDate "2019.08.31"]
[EventType "swiss"]
[EventRounds "6"]
[EventCountry "CAN"]

1. e4 e6 2. d4 d5 3. e5 c5 4. c3 Nc6 5. Nf3 Qb6 6. a3 c4 7. Be2 Na5 8. Nbd2 Bd7
9. O-O Ne7 10. Rb1 Nec6 11. Re1 Be7 12. Bf1 O-O-O 13. Qc2 h6 14. b4 cxb3 15.
Nxb3 Nxb3 16. Rxb3 Qc7 17. Be3 Na5 18. Rbb1 Nc4 19. Bc1 Qa5 20. Qb3 Nb6 21. c4
dxc4 22. Bxc4 Qa4 23. Re2 Qxb3 24. Bxb3 Ba4 25. Ba2 Nd5 26. Bb2 Kb8 27. Rc1 Rd7
28. Ree1 Rc8 29. Rxc8+ Kxc8 30. g3 b6 31. Nd2 Kb7 32. Rc1 Bc6 33. Bc4 Nc7 34.
Bd3 Nb5 35. Nb3 Nxa3 36. f4 Bd5 37. Nd2 Rc7 38. f5 Rxc1+ 39. Bxc1 Kc6 40. f6
gxf6 41. exf6 Bf8 42. Kf2 Nb5 43. Bb2 Nd6 44. Ba3 Ne4+ 45. Bxe4 Bxa3 46. Nc4
Bd6 47. Ke3 b5 48. Na5+ Kb6 49. Bxd5 exd5 50. Nb3 a5 51. Kd3 a4 52. Nd2 b4 53.
Kc2 Kb5 54. Kb2 b3 55. Nf3 Kb4 56. Ne5 a3+ 57. Kb1 Kc3 0-1

[Event "Langley op"]
[Site "Langley CAN"]
[Date "2019.09.01"]
[Round "3.6"]
[White "Hamm, Robert"]
[Black "Lehingrat, Callum"]
[Result "0-1"]
[WhiteElo "1404"]
[BlackElo "2026"]
[PlyCount "58"]
[EventDate "2019.08.31"]
[EventType "swiss"]
[EventRounds "6"]
[EventCountry "CAN"]

1. e4 c5 2. Nf3 d6 3. d4 cxd4 4. Nxd4 Nf6 5. Nc3 a6 6. f3 e6 7. Be3 b5 8. Qd2
Nbd7 9. O-O-O Bb7 10. g4 Nb6 11. h4 Rc8 12. h5 Nfd7 13. Nb3 d5 14. exd5 Nxd5
15. Nxd5 Bxd5 16. Be2 Ne5 17. Rhf1 Nc4 18. Bxc4 bxc4 19. Nd4 c3 20. bxc3 Ba3+
21. Kb1 a5 22. Nb5 Qe7 23. Ka1 Bc4 24. Nxa3 Bxf1 25. Rxf1 Qxa3 26. Bd4 O-O 27.
Bxg7 Rb8 28. Rb1 Rxb1+ 29. Kxb1 Rb8+ 0-1

[Event "Langley op"]
[Site "Langley CAN"]
[Date "2019.09.01"]
[Round "3.7"]
[White "Linnick, Mark"]
[Black "Petrov, Ivan"]
[Result "1/2-1/2"]
[WhiteElo "1923"]
[BlackElo "1791"]
[PlyCount "68"]
[EventDate "2019.08.31"]
[EventType "swiss"]
[EventRounds "6"]
[EventCountry "CAN"]

1. d4 d5 2. Bf4 Nf6 3. e3 c6 4. c3 Bf5 5. Qb3 Qb6 6. Nd2 Nbd7 7. Ngf3 e6 8. h3
h6 9. c4 Qxb3 10. axb3 Bb4 11. Kd1 Ne4 12. Nxe4 Bxe4 13. Nd2 Bg6 14. Nb1 Bxb1
15. Rxb1 Ke7 16. Bd3 Bd6 17. Bxd6+ Kxd6 18. c5+ Kc7 19. f4 f5 20. g4 g6 21. b4
a6 22. Ke2 Rag8 23. Rbg1 h5 24. gxf5 gxf5 25. Rg5 Rxg5 26. fxg5 Nf8 27. h4 Ng6
28. Kf2 Kd7 29. Kg3 Ke7 30. Ra1 Kd7 31. Be2 Rh7 32. Ra3 Rh8 33. Ra5 Kc7 34. Ra1
Kd7 {Agreed drawn on move 57.} 1/2-1/2

[Event "Langley op"]
[Site "Langley CAN"]
[Date "2019.09.01"]
[Round "3.8"]
[White "Zheng, Yawen"]
[Black "Shinn, Jungmin"]
[Result "0-1"]
[WhiteElo "1297"]
[BlackElo "1922"]
[PlyCount "106"]
[EventDate "2019.08.31"]
[EventType "swiss"]
[EventRounds "6"]
[EventCountry "CAN"]

1. e4 e6 2. d3 d5 3. Nd2 c5 4. Ngf3 Nc6 5. g3 Bd6 6. Bg2 Nge7 7. O-O O-O 8. Re1
Bd7 9. e5 Bc7 10. Nf1 Qb8 11. Bf4 Ng6 12. Qe2 f6 13. exf6 Nxf4 14. gxf4 Rxf6
15. Ne5 Bxe5 16. fxe5 Nd4 17. Qd1 Rg6 18. c3 Nf5 19. d4 cxd4 20. cxd4 Qd8 21.
Kh1 Qh4 22. Qd2 Qxd4 23. Qxd4 Nxd4 24. Rad1 Nf5 25. Rd3 Bc6 26. Nd2 Rf8 27. Nf3
d4 28. Rd2 Rxg2 29. Kxg2 Nh4+ 30. Kf1 Bb5+ 31. Ree2 Nxf3 32. Rd1 Nxh2+ 33. Ke1
Nf3+ 34. Kf1 Rf4 35. Kg2 Bxe2 36. Rc1 Rg4+ 37. Kh3 Rh4+ 38. Kg3 d3 39. Rc8+ Kf7
40. Rd8 d2 41. Rxd2 Nxd2 42. Kxh4 Nf3+ 43. Kg3 Nxe5 44. Kf4 Nd3+ 45. Ke3 Nxf2
46. Kxf2 Bc4 47. b3 Bd5 48. Ke3 h5 49. Kf4 e5+ 50. Kxe5 h4 51. Kxd5 h3 52. Ke4
h2 53. Kf3 h1=Q+ 0-1

[Event "Langley op"]
[Site "Langley CAN"]
[Date "2019.09.01"]
[Round "3.9"]
[White "McLaren, Brian"]
[Black "Williamson, Jason"]
[Result "1/2-1/2"]
[WhiteElo "2189"]
[BlackElo "1848"]
[PlyCount "113"]
[EventDate "2019.08.31"]
[EventType "swiss"]
[EventRounds "6"]
[EventCountry "CAN"]

1. e4 c5 2. Nc3 a6 3. g4 b5 4. Bg2 Bb7 5. d3 e6 6. Bf4 b4 7. Nce2 d5 8. h3 dxe4
9. Bxe4 Bxe4 10. dxe4 Qxd1+ 11. Rxd1 Nf6 12. Ng3 Nc6 13. Nf3 Be7 14. Ke2 h5 15.
g5 Nd7 16. e5 O-O-O 17. c4 Nb6 18. b3 g6 19. Ne4 Rxd1 20. Rxd1 Rd8 21. Rxd8+
Kxd8 22. Kd3 a5 23. Ned2 Nd7 24. Ke4 Kc7 25. Ke3 Bf8 26. Ne4 a4 27. Nf6 axb3
28. axb3 Na5 29. Nd2 Nb8 30. Kd3 Nbc6 31. Kc2 Nd4+ 32. Kb2 Nac6 33. Ng8 Kd8 34.
Nh6 Ke8 35. Ng8 Ne2 36. Bh2 Nc3 37. Kc2 Nd4+ 38. Kc1 Na2+ 39. Kb2 Nc3 40. Nf6+
Kd8 41. Bg3 Nf5 42. h4 Be7 43. Nfe4 Nxe4 44. Nxe4 Kd7 45. f4 Kc6 46. Bf2 Bf8
47. Kc2 Be7 48. Kd3 Bf8 49. Ke2 Be7 50. Kf3 Bf8 51. Nf6 Be7 52. Ng8 Bf8 53. Ke4
Kb6 54. Nf6 Kc6 55. Ng8 Kb6 56. Nf6 Kc6 57. Ng8 1/2-1/2

[Event "Langley op"]
[Site "Langley CAN"]
[Date "2019.09.01"]
[Round "3.10"]
[White "Talosig, Jaylord"]
[Black "Clarkson, Paul"]
[Result "1-0"]
[WhiteElo "1900"]
[BlackElo "1364"]
[PlyCount "69"]
[EventDate "2019.08.31"]
[EventType "swiss"]
[EventRounds "6"]
[EventCountry "CAN"]

1. d4 Nf6 2. Nf3 g6 3. Nc3 Bg7 4. Bg5 O-O 5. Qd2 d6 6. e3 Nbd7 7. Bc4 c5 8. a4
Qc7 9. Ba2 h6 10. Bh4 Qb6 11. O-O g5 12. Bg3 Nh5 13. a5 Qd8 14. Ne4 Ndf6 15.
Nxf6+ Bxf6 16. c3 Nxg3 17. fxg3 Bd7 18. Qd3 Bg7 19. Bb1 f5 20. g4 a6 21. gxf5
Bxf5 22. Ba2+ Kh8 23. e4 Bg6 24. Be6 cxd4 25. Nxd4 Rxf1+ 26. Kxf1 Qf8+ 27. Kg1
Re8 28. Rf1 Bxd4+ 29. Qxd4+ Qg7 30. Bd5 e5 31. Qb6 Re7 32. Qd8+ Kh7 33. Bg8+
Kh8 34. Bf7+ Kh7 35. Qxe7 1-0

[Event "Langley op"]
[Site "Langley CAN"]
[Date "2019.09.01"]
[Round "4.1"]
[White "Lehingrat, Callum"]
[Black "Nyamdorj, Davaa-Ochir"]
[Result "0-1"]
[WhiteElo "2026"]
[BlackElo "2305"]
[PlyCount "84"]
[EventDate "2019.08.31"]
[EventType "swiss"]
[EventRounds "6"]
[EventCountry "CAN"]

1. Nf3 c5 2. b3 Nf6 3. Bb2 e6 4. e3 Be7 5. c4 b6 6. d4 cxd4 7. exd4 d5 8. Nbd2
Bb7 9. Bd3 O-O 10. O-O Nc6 11. Qe2 Re8 12. Rad1 Rc8 13. Ne5 dxc4 14. Ndxc4 Nb4
15. Bb1 Nbd5 16. f4 Bb4 17. a3 Bc3 18. Rd3 b5 19. Bxc3 Nxc3 20. Rxc3 Qxd4+ 21.
Qe3 Qd5 22. Qe2 bxc4 23. Nxc4 Ba6 24. Kh1 Qc5 25. Qc2 g6 26. Qf2 Qxf2 27. Rxf2
Nd5 28. Rcc2 Red8 29. Kg1 Bxc4 30. bxc4 Ne3 31. Rcd2 Nxc4 32. Rxd8+ Rxd8 33.
Rf1 Nxa3 34. Be4 Rd4 35. Bc6 Rc4 36. Bb7 Rb4 37. Ba6 Rb6 38. Bd3 a5 39. Ra1 Rb3
40. Be2 Rb1+ 41. Rxb1 Nxb1 42. Kf2 Nc3 0-1

[Event "Langley op"]
[Site "Langley CAN"]
[Date "2019.09.01"]
[Round "4.2"]
[White "Mohammed Qanee, Arpak Worya"]
[Black "Patterson, Roger"]
[Result "1/2-1/2"]
[WhiteElo "2198"]
[BlackElo "2059"]
[PlyCount "66"]
[EventDate "2019.08.31"]
[EventType "swiss"]
[EventRounds "6"]
[EventCountry "CAN"]

1. Nf3 c5 2. c4 e6 3. g3 d5 4. Bg2 Nc6 5. O-O Nf6 6. cxd5 exd5 7. d4 Be7 8. Nc3
O-O 9. dxc5 Bxc5 10. Bg5 d4 11. Ne4 Be7 12. Bxf6 Bxf6 13. Qa4 Re8 14. Nxf6+
Qxf6 15. Nxd4 Qxd4 16. Bxc6 Qxa4 17. Bxa4 Rxe2 18. Rfe1 Rxe1+ 19. Rxe1 Be6 {
Draw offered.} 20. Bb3 Bxb3 21. axb3 Kf8 22. Rc1 Re8 23. Kf1 f6 24. Rc4 Kf7 25.
f4 f5 26. Kf2 Re7 27. h4 h5 28. b4 Kf6 29. b5 Re6 30. b4 Rb6 31. Rc5 Re6 32.
Rc7 Rb6 33. Rc5 Re6 1/2-1/2

[Event "Langley op"]
[Site "Langley CAN"]
[Date "2019.09.01"]
[Round "4.3"]
[White "Doknjas, Neil"]
[Black "Shinn, Jungmin"]
[Result "1/2-1/2"]
[WhiteElo "2158"]
[BlackElo "1922"]
[PlyCount "130"]
[EventDate "2019.08.31"]
[EventType "swiss"]
[EventRounds "6"]
[EventCountry "CAN"]

1. e4 e6 2. d4 d5 3. Nc3 Bb4 4. exd5 exd5 5. Bd3 Nc6 6. a3 Bxc3+ 7. bxc3 Nge7
8. Qh5 Be6 9. Rb1 b6 10. Nf3 Qd7 11. Ng5 O-O-O 12. Nxe6 Qxe6+ 13. Qe2 Qxe2+ 14.
Kxe2 Kb8 15. f3 Nc8 16. Kf2 h6 17. Bf4 Rhe8 18. Rhe1 Kb7 19. h4 Re7 20. Rxe7
N8xe7 {Draw offered.} 21. Re1 Nc8 22. g4 Rd7 23. g5 hxg5 24. Bxg5 Nd6 25. h5 f6
26. Bc1 Re7 27. Rg1 Na5 28. Rg6 Rf7 29. Rg1 Nac4 30. Re1 Kc6 31. Bf4 Kd7 32. a4
Re7 33. Rg1 a5 34. Bc1 c6 35. Bf4 b5 36. Ra1 Nb7 37. Rb1 Re8 38. Bf5+ Ke7 39.
axb5 Nbd6 40. b6 Rb8 41. Re1+ Kf7 42. Bg6+ Kf8 43. Re6 Rd8 44. b7 Nxb7 45. Rxc6
Ra8 46. h6 gxh6 47. Bxh6+ Kg8 48. Rxf6 Nbd6 49. Bd3 a4 50. Rg6+ Kf7 51. Rg7+
Kf6 52. Rg1 a3 53. Bg5+ Kf7 54. Ke2 Rb8 55. Bf4 a2 56. Bxc4 Re8+ 57. Be5 Nxc4
58. Rg7+ Ke6 59. Rg6+ Kf5 60. Rf6+ Kg5 61. f4+ Kg4 62. Rg6+ Kf5 63. Ra6 Rg8 64.
Rxa2 Ke4 65. Kf2 Ne3 1/2-1/2

[Event "Langley op"]
[Site "Langley CAN"]
[Date "2019.09.01"]
[Round "4.4"]
[White "Basko, Yauheni"]
[Black "Linnick, Mark"]
[Result "0-1"]
[WhiteElo "1795"]
[BlackElo "1923"]
[PlyCount "110"]
[EventDate "2019.08.31"]
[EventType "swiss"]
[EventRounds "6"]
[EventCountry "CAN"]

1. e4 d5 2. exd5 Qxd5 3. Nf3 Bg4 4. Nc3 Qd8 5. d4 e6 6. h3 Bxf3 7. gxf3 c6 8.
Be2 Nf6 9. Ne4 Nbd7 10. Be3 Qa5+ 11. c3 Be7 12. Qc2 Nd5 13. Rg1 g6 14. a3 N7f6
15. O-O-O O-O-O 16. c4 Nxe3 17. fxe3 Kb8 18. Kb1 Rd7 19. c5 Nd5 20. Rd3 Qc7 21.
f4 f6 22. Nc3 e5 23. Nxd5 Rxd5 24. Bf3 Rdd8 25. fxe5 fxe5 26. Rgd1 Rhf8 27. Be4
exd4 28. exd4 Rf4 29. d5 Rxe4 30. d6 Bxd6 31. Rxd6 Ree8 32. Qh2 Rxd6 33. Rxd6
a6 34. Qd2 Re7 35. Qd4 Ka7 36. Qd2 Rf7 37. Qd3 Qc8 38. Qb3 Rf1+ 39. Ka2 Qc7 40.
Rd4 Qf7 41. Qxf7 Rxf7 42. h4 Rf5 43. b4 a5 44. Kb3 axb4 45. axb4 Ka6 46. Kc4 h6
47. Re4 g5 48. Kd3 Rf4 49. Rxf4 gxf4 50. Ke4 Kb5 51. Kxf4 Kxb4 52. Kg4 Kxc5 53.
Kh5 b5 54. Kxh6 b4 55. h5 b3 0-1

[Event "Langley op"]
[Site "Langley CAN"]
[Date "2019.09.01"]
[Round "4.5"]
[White "Su, Ethan"]
[Black "Talosig, Jaylord"]
[Result "1/2-1/2"]
[WhiteElo "1720"]
[BlackElo "1900"]
[PlyCount "187"]
[EventDate "2019.08.31"]
[EventType "swiss"]
[EventRounds "6"]
[EventCountry "CAN"]

1. e4 c6 2. Ne2 d6 3. d4 Qc7 4. Be3 Nf6 5. Nbc3 e5 6. dxe5 dxe5 7. Ng3 Ng4 8.
Qd2 Nxe3 9. Qxe3 Be6 10. Bd3 Nd7 11. Qe2 b5 12. O-O g6 13. Rfe1 Bg7 14. a4 b4
15. Nd1 O-O 16. Bc4 Nc5 17. Bxe6 Nxe6 18. Qc4 a5 19. c3 Rfb8 20. Ne3 bxc3 21.
bxc3 Rb2 22. Re2 Rab8 23. Rd1 Bf8 24. h3 h5 25. Rxb2 Rxb2 26. Ne2 Bc5 27. Qd3
Nf4 28. Nxf4 exf4 29. Nc2 f3 30. Qd8+ Qxd8 31. Rxd8+ Kg7 32. Nd4 fxg2 33. Kxg2
Ra2 34. Rd7 Bxd4 35. Rxd4 Kf6 36. Rc4 Ke5 37. Rc5+ Kxe4 38. Rxa5 Ra3 39. Rc5
Rxa4 40. Rxc6 Kd5 41. Rc7 Rf4 42. Kg3 g5 43. f3 f6 44. Kg2 Rc4 45. Rh7 h4 46.
Rd7+ Ke5 47. Rd3 Ra4 48. Re3+ Kf4 49. Re2 Rc4 50. Kf2 Rxc3 51. Re4+ Kf5 52. Ra4
Rc2+ 53. Kg1 Re2 54. Rb4 Ke5 55. Ra4 f5 56. Rb4 Rd2 57. Ra4 Rd4 58. Ra2 Kf4 59.
Kf2 Rb4 60. Rc2 Rb5 61. Rc4+ Ke5 62. Rc2 Kd4 63. Re2 Rd5 64. Rd2+ Kc4 65. Re2
Kc3 66. Re3+ Kc4 67. Re2 f4 68. Kf1 Ra5 69. Re4+ Kd3 70. Kf2 Ra2+ 71. Kg1 Re2
72. Ra4 Rc2 73. Re4 Rc5 74. Kg2 Rd5 75. Kg1 Rd4 76. Re5 Kd2 77. Kf2 Kd1 78.
Re1+ Kc2 79. Re5 Rd2+ 80. Kg1 Kd3 81. Re4 Re2 82. Ra4 Re5 83. Kf2 Rc5 84. Re4
Rb5 85. Re6 Kd4 86. Re4+ Kd5 87. Re2 Kd6 88. Re8 Re5 89. Rd8+ Ke7 90. Ra8 Rd5
91. Ra7+ Kf6 92. Ra8 Rd2+ 93. Kg1 Rd3 94. Kf2 1/2-1/2

[Event "Langley op"]
[Site "Langley CAN"]
[Date "2019.09.01"]
[Round "4.6"]
[White "Petrov, Ivan"]
[Black "Escandor, Manuel Omana"]
[Result "1/2-1/2"]
[WhiteElo "1791"]
[BlackElo "1777"]
[PlyCount "123"]
[EventDate "2019.08.31"]
[EventType "swiss"]
[EventRounds "6"]
[EventCountry "CAN"]

1. Nf3 d5 2. d4 Nc6 3. c4 Bf5 4. Qb3 Na5 5. Qa4+ c6 6. cxd5 b5 7. Qd1 cxd5 8.
e4 dxe4 9. Bxb5+ Bd7 10. Bxd7+ Qxd7 11. Ne5 Qb5 12. Nc3 Qb4 13. a3 Qb3 14. Qh5
Nf6 15. Qe2 Qb6 16. Be3 Rb8 17. O-O e6 18. b4 Qc7 19. Nb5 Qb6 20. bxa5 Qxb5 21.
Qxb5+ Rxb5 22. Rab1 Rxb1 23. Rxb1 Bd6 24. Rb7 O-O 25. Rxa7 Bxa3 26. h3 Nd5 27.
Nd7 Re8 28. Nb6 Ne7 29. a6 Bd6 30. Rd7 Bb8 31. a7 Bxa7 32. Rxa7 Nf5 33. Ra8
Rxa8 34. Nxa8 Kf8 35. Nb6 Ne7 36. Nd7+ Ke8 37. Nc5 h6 38. Nxe4 Kd7 39. Nc3 Kc6
40. Kf1 Nf5 41. Ke2 Nd6 42. Kd3 Nf5 43. g4 Nd6 44. Bf4 Ne8 45. Ne4 Kd5 46. f3
f6 47. Nc3+ Kc6 48. Ne4 Kd5 49. h4 e5 50. Nc3+ Kd6 51. Bg3 Nc7 52. d5 Kc5 53.
Bf2+ Kd6 54. Ke4 g6 55. Bb6 Ne8 56. Nb5+ Kd7 57. Bc5 Ng7 58. Bf8 f5+ 59. Kxe5
fxg4 60. fxg4 g5 61. Bxg7 gxh4 62. Bxh6 1/2-1/2

[Event "Langley op"]
[Site "Langley CAN"]
[Date "2019.09.01"]
[Round "4.7"]
[White "Qiu, Andrew Yu"]
[Black "Roback, Joe"]
[Result "1-0"]
[WhiteElo "1452"]
[BlackElo "2056"]
[PlyCount "77"]
[EventDate "2019.08.31"]
[EventType "swiss"]
[EventRounds "6"]
[EventCountry "CAN"]

1. e4 c5 2. Nf3 e6 3. d4 cxd4 4. Nxd4 Nc6 5. Nb5 Nf6 6. N1c3 Bc5 7. Bf4 O-O 8.
Bc7 Qe7 9. Bd6 Bxd6 10. Qxd6 Qd8 11. Be2 a6 12. Nd4 Ne8 13. Nxc6 bxc6 14. Qg3
d5 15. O-O d4 16. Na4 Qa5 17. b3 e5 18. Nb2 Be6 19. Nd3 f6 20. b4 Qb6 21. Nc5
Bc8 22. a3 a5 23. Qb3+ Kh8 24. h3 Nd6 25. Rad1 axb4 26. axb4 Rb8 27. Rb1 Re8
28. Qg3 Be6 29. Bg4 Bc8 30. Bxc8 Rbxc8 31. Qd3 Ra8 32. f4 Nb5 33. fxe5 fxe5 34.
Rf7 Ra3 35. Rb3 Ra1+ 36. Kh2 Kg8 37. Rd7 Nc3 38. Qg3 g6 39. Qh4 1-0

[Event "Langley op"]
[Site "Langley CAN"]
[Date "2019.09.01"]
[Round "4.8"]
[White "Leong, Ryan"]
[Black "Yang, Henry"]
[Result "1-0"]
[WhiteElo "1899"]
[BlackElo "1526"]
[PlyCount "63"]
[EventDate "2019.08.31"]
[EventType "swiss"]
[EventRounds "6"]
[EventCountry "CAN"]

1. Nf3 d5 2. g3 Nf6 3. Bg2 Bg4 4. c4 e6 5. cxd5 exd5 6. Nc3 Nbd7 7. d4 c6 8.
Bf4 Be7 9. O-O O-O 10. Re1 Bxf3 11. Bxf3 Re8 12. e3 h6 13. Qc2 g5 14. Be5 Nxe5
15. dxe5 Nd7 16. e6 Nf6 17. exf7+ Kxf7 18. e4 dxe4 19. Nxe4 Kf8 20. Rad1 Qc7
21. Nxf6 Bxf6 22. Rxe8+ Rxe8 23. Qg6 Qg7 24. Qf5 Re7 25. Rd8+ Re8 26. Rd6 Ke7
27. Rd7+ Kf8 28. Rxg7 Kxg7 29. Bh5 Rf8 30. Qg6+ Kh8 31. Qxh6+ Kg8 32. Bg6 1-0

[Event "Langley op"]
[Site "Langley CAN"]
[Date "2019.09.01"]
[Round "4.9"]
[White "Long, Hugh"]
[Black "Chung, Alec"]
[Result "0-1"]
[WhiteElo "1421"]
[BlackElo "1848"]
[PlyCount "86"]
[EventDate "2019.08.31"]
[EventType "swiss"]
[EventRounds "6"]
[EventCountry "CAN"]

1. d4 Nf6 2. c4 g6 3. Nc3 d5 4. cxd5 Nxd5 5. e4 Nxc3 6. bxc3 Bg7 7. h3 c5 8.
Nf3 Nc6 9. Be3 O-O 10. Be2 Qa5 11. O-O Rd8 12. Qb3 cxd4 13. cxd4 Nxd4 14. Nxd4
Bxd4 15. Bxd4 Rxd4 16. Bf3 Rb8 17. Rfd1 Be6 18. Qb2 Rxd1+ 19. Rxd1 Qxa2 20.
Qxa2 Bxa2 21. Ra1 Bc4 22. Rxa7 Ba6 23. e5 Kf8 24. Kh2 Ke8 25. Kg3 Kd8 26. Bxb7
Bxb7 27. Ra2 Bc8 28. Rd2+ Kc7 29. Rc2+ Kd7 30. Rd2+ Ke6 31. f4 Ba6 32. Kg4 h6
33. h4 f5+ 34. exf6 Kxf6 35. Rc2 Rb3 36. Rc6+ Kg7 37. g3 Bf1 38. h5 Be2+ 39.
Kh4 gxh5 40. Re6 Rb1 41. Kh3 Bg4+ 42. Kg2 Rb2+ 43. Kg1 Bxe6 0-1

[Event "Langley op"]
[Site "Langley CAN"]
[Date "2019.09.01"]
[Round "4.10"]
[White "Williamson, Jason"]
[Black "Samiei, Navid"]
[Result "1-0"]
[WhiteElo "1848"]
[BlackElo "1554"]
[PlyCount "65"]
[EventDate "2019.08.31"]
[EventType "swiss"]
[EventRounds "6"]
[EventCountry "CAN"]

1. e4 c5 2. Nf3 Nc6 3. d4 cxd4 4. Nxd4 Nf6 5. Nc3 e5 6. Ndb5 d6 7. Bg5 a6 8.
Na3 b5 9. Nd5 Be7 10. Bxf6 Bxf6 11. c3 O-O 12. Nc2 Bg5 13. a4 bxa4 14. Rxa4 a5
15. Nce3 Rb8 16. Nc4 f5 17. Bd3 Be6 18. O-O Bxd5 19. exd5 Ne7 20. Rxa5 e4 21.
Be2 f4 22. Ra6 f3 23. gxf3 exf3 24. Bxf3 Qc8 25. Ra4 Bf4 26. Bg4 Qe8 27. Ra7
Ng6 28. Re1 Ne5 29. Nxe5 Bxe5 30. Be6+ Kh8 31. Qg4 Rf6 32. Rxe5 Rg6 33. Rg5 1-0

[Event "Langley op"]
[Site "Langley CAN"]
[Date "2019.09.02"]
[Round "5.1"]
[White "Nyamdorj, Davaa-Ochir"]
[Black "Mohammed Qanee, Arpak Worya"]
[Result "1-0"]
[WhiteElo "2305"]
[BlackElo "2198"]
[PlyCount "95"]
[EventDate "2019.08.31"]
[EventType "swiss"]
[EventRounds "6"]
[EventCountry "CAN"]

1. e4 e6 2. d4 d5 3. Nc3 Bb4 4. exd5 exd5 5. Bd3 Nf6 6. Nge2 O-O 7. O-O h6 8.
Ng3 Bg4 9. f3 Be6 10. Nce2 Re8 11. Nf4 Nc6 12. c3 Bf8 13. Bc2 g6 14. Qd3 Bg7
15. Bd2 Qd6 16. Be3 Bd7 17. Qd2 Ne7 18. Nd3 h5 19. Ne5 h4 20. Ne2 Bf5 21. Ba4
c6 22. Bf4 Qd8 23. Bg5 Qa5 24. Bb3 Nd7 25. Ng4 h3 26. gxh3 f6 27. Bh6 Bh8 28.
Ng3 Qb5 29. Bf4 Bg7 30. Bd6 Bd3 31. Rfd1 Bc4 32. Bc2 Nc8 33. Bf4 Kf7 34. Bh6
Bh8 35. b3 Nd6 36. bxc4 Nxc4 37. Bxg6+ Kxg6 38. Qd3+ Kf7 39. Qh7+ Ke6 40. Nf5
Nd6 41. Re1+ Ne5 42. dxe5 Nxf5 43. exf6+ Kd6 44. Bf4+ Kc5 45. Qxf5 Qa4 46. c4
Rxe1+ 47. Rxe1 Qxc4 48. Rc1 1-0

[Event "Langley op"]
[Site "Langley CAN"]
[Date "2019.09.02"]
[Round "5.2"]
[White "Linnick, Mark"]
[Black "Doknjas, Neil"]
[Result "0-1"]
[WhiteElo "1923"]
[BlackElo "2158"]
[PlyCount "104"]
[EventDate "2019.08.31"]
[EventType "swiss"]
[EventRounds "6"]
[EventCountry "CAN"]

1. d4 d5 2. Bf4 Nf6 3. e3 c5 4. c3 Qb6 5. Qb3 c4 6. Qxb6 axb6 7. Nd2 b5 8. a3
Nc6 9. Ngf3 Bf5 10. h3 b4 11. Nh4 Bc2 12. Rc1 bxa3 13. bxa3 Ba4 14. Be2 e6 15.
Ra1 Na5 16. O-O Nb3 17. Nxb3 Bxb3 18. Bd1 Ne4 19. Bxb3 cxb3 20. Rfb1 Nd2 21.
Rb2 Rxa3 22. Rxa3 Bxa3 23. Rxd2 Bc1 24. Rd1 b2 25. e4 b1=Q 26. Rxc1 Qxe4 27. g3
O-O 28. Ng2 Qd3 29. Ne1 Qe2 30. Kg2 h6 31. Nf3 Ra8 32. Re1 Qd3 33. Bd2 Ra2 34.
Rd1 Qe2 35. Re1 Rxd2 36. Rxe2 Rxe2 37. Ne5 Rc2 38. Nd7 Rxc3 39. Nc5 b5 40. g4
b4 41. h4 b3 42. Nxb3 Rxb3 43. f3 Rd3 44. Kg3 Rxd4 45. g5 hxg5 46. hxg5 Kh7 47.
f4 Kg6 48. Kg4 Rd3 49. f5+ exf5+ 50. Kf4 Rd4+ 51. Ke5 Re4+ 52. Kxd5 Kxg5 0-1